| 000 | 00393nam a22001457a 4500 | ||
|---|---|---|---|
| 005 | 20200610140058.0 | ||
| 008 | 200610b xxu||||| |||| 00| 0 eng d | ||
| 082 | _a345.4 AIR | ||
| 110 |
_aALL INDIA REPORTER _95932 |
||
| 245 | _aALL INDIA REPORTER , [1976] [VOL-63] ORISSA SECTION | ||
| 260 |
_aBOMBAY _bALL INDIA REPORTER, PVT. LTD. |
||
| 300 | _a400;p | ||
| 650 |
_aLAW _95701 |
||
| 942 | _cJRL | ||
| 999 |
_c6994 _d6992 |
||